Flags most recently taken out of use - Statistics

General Stats
  • This quiz has been taken 52 times
  • The average score is 12 of 17
Answer Stats
Picture Hint Answer % Correct
2008 Iraq
95%
2006 Venezuela
91%
2002 Bahrain
89%
2011 Libya
89%
2017 Mauritania
89%
2012 Malawi
86%
2010 Malawi
86%
2001 Rwanda
86%
2002 (Used during the county's independance war against Indonesia) Timor Leste
73%
2002 Afghanistan
66%
2004 Serbia
61%
2004 Georgia
55%
2006 DR Congo
50%
2006 Lesotho
48%
2010 Myanmar
48%
2002 Comoros
43%
2004 Montenegro
36%
No matching quizzes found
Score Distribution
Percent of People with Each Score
Percentile by Number Answered
Your Score History
You have not taken this quiz